| 000 | 00501nam a2200145Ia 4500 | ||
|---|---|---|---|
| 008 | 100122s9999 xx 000 0 und d | ||
| 082 |
_b41281 _a291.211 |
||
| 100 | _aदेवळे शं रा | ||
| 245 | _aआपले देव आपली दैवते - 3 | ||
| 260 |
_bशकुन प्रकाशन _c1987 |
||
| 300 | _a109 | ||
| 630 | _aआपले देव आपली दैवते - 3 | ||
| 730 | _aआपले देव आपली दैवते - 3 | ||
| 942 | _cBOOK | ||
| 999 |
_c421946 _d421943 |
||